| 000 | 00545cas7a220016900 4500 | ||
|---|---|---|---|
| 001 | zam00003929 | ||
| 008 | 951212n xx eng u | ||
| 022 | _a0251-0391 | ||
| 035 | _a(Sirsi) r21236 | ||
| 050 | _aDT1. T7J6H5 | ||
| 245 | _aTRANSAFRICAN JOURNAL OF HISTORY. | ||
| 260 |
_aNairobi _b Gideon S. Were Press _c 1980. |
||
| 310 | _aAnnually. | ||
| 362 | _aVol.1, No.1, 1971 - Vol.9, No.2, 1980 | ||
| 520 | _aProvides scholars of African history with an Academic forum to disseminate their ressearch findings. | ||
| 650 | _aHistory. | ||
| 999 |
_c10261 _d10261 |
||